Быстрое печатание от 1 до 100 - Statistics

General Stats
  • This quiz has been taken 1 113 times
  • The average score is 68 of 100
Answer Stats
# % Correct
1
100%
2
100%
3
99%
4
98%
5
98%
6
98%
7
98%
8
98%
9
98%
10
96%
12
96%
11
95%
13
95%
14
95%
15
92%
16
91%
17
91%
18
91%
20
91%
21
91%
22
91%
23
90%
24
90%
19
89%
25
88%
26
87%
27
86%
33
86%
28
85%
31
85%
34
85%
29
84%
30
84%
32
84%
35
83%
37
83%
36
82%
38
82%
44
82%
39
81%
40
81%
41
80%
42
80%
45
80%
43
79%
46
79%
47
77%
48
77%
49
76%
50
75%
55
75%
51
73%
52
73%
53
72%
54
71%
56
71%
57
68%
58
68%
59
65%
60
65%
62
64%
63
63%
61
62%
66
62%
64
60%
65
60%
67
60%
68
57%
69
55%
70
54%
71
52%
72
51%
73
49%
74
48%
75
48%
77
48%
76
47%
78
44%
79
39%
80
39%
82
39%
81
38%
88
38%
83
37%
84
36%
85
34%
87
34%
90
34%
86
33%
89
31%
99
31%
92
30%
93
30%
91
29%
94
27%
100
26%
95
26%
98
26%
96
25%
97
25%
No matching quizzes found
Score Distribution
Percent of People with Each Score
Percentile by Number Answered
Your Score History
You have not taken this quiz